| 000 | 00523nam a2200193 a 4500 | ||
|---|---|---|---|
| 001 | 1770453312963 | ||
| 003 | YourLibrary | ||
| 005 | 20260207140845.0 | ||
| 008 | 260207s2009##################000#0#eng## | ||
| 020 | _a9780307387905 | ||
| 082 | 0 | 4 |
_a330.9 _bEPP |
| 100 | 1 |
_aEpping, Randy Charles, _eauthor. |
|
| 245 | 1 | 0 | _aThe 21st Century Economy--A Beginner's Guide : |
| 260 |
_bVintage, _c2009. |
||
| 300 | _a338 pages | ||
| 650 | 0 | _aBusiness & Economics. | |
| 942 | _cENGLISH | ||
| 040 |
_aYourLibrary _beng _cYourLibrary |
||
| 999 |
_c611055 _d611055 |
||